Theatre and the world: Performance and the politics of culture (Record no. 396467)

MARC details
000 -LEADER
fixed length control field 00539 a2200193 4500
005 - DATE & TIME
control field 20260408164519.0
008 - FIXED-LENGTH DATA ELEMENTS--GENERAL INFORMATION
fixed length control field 260408b |||||||| |||| 00| 0 eng d
020 ## - ISBN
International Standard Book Number 9780415092166
Price £ 38.99
040 ## - CATALOGING SOURCE
Original cataloging agency VIVEKANANDA LIBRARY
082 ## - DDC NUMBER
Classification number 070.449792
Book Number B469T
100 ## - MAIN ENTRY--PERSONAL NAME
Personal name Bharucha, Rustom
245 ## - TITLE STATEMENT
Title Theatre and the world: Performance and the politics of culture
260 ## - PUBLICATION, DISTRIBUTION, ETC. (IMPRINT)
Name of publisher, distributor, etc Routledge
Place of publication, distribution, etc Oxon
Date of publication, distribution, etc 2005
300 ## - PHYSICAL DESCRIPTION
Pages xii, 253
650 ## - Subject
Subject Theater- India
650 ## - Subject
Subject Intercultural Communication
650 ## - Subject
Subject Stage Presentations
942 ## - ADDED ENTRY ELEMENTS (KOHA)
Koha item type Books
Holdings
Withdrawn status Lost status Source of classification or shelving scheme Damaged status Not for loan Location (home branch) Sublocation or collection (holding branch) Shelving location Date acquired Koha issues (times borrowed) Koha full call number Accession No. Koha date last seen Koha item type
    Dewey Decimal Classification     VIVEKANANDA LIBRARY VIVEKANANDA LIBRARY Vivekananda Library 02/02/2026   070.449792 B469T 444772 02/02/2026 Books
© Designed and Maintained by Vivekananda Library, MDU Rohtak